El día de los muertos (Record no. 9157)
[ view plain ]
| 000 -CABECERA | |
|---|---|
| campo de control de longitud fija | 01171nam a2200289 a 4500 |
| 001 - NÚMERO DE CONTROL | |
| campo de control | BRL_344 |
| 005 - FECHA Y HORA DE LA ÚLTIMA TRANSACCIÓN | |
| campo de control | 20190320210710.0 |
| 008 - DATOS DE LONGITUD FIJA--INFORMACIÓN GENERAL | |
| campo de control de longitud fija | 300713s1987----u--a######---#000-0#eng-# |
| 041 ## - CÓDIGO DE LENGUA | |
| Código de lengua del texto/banda sonora o título independiente | engspa |
| 044 ## - CÓDIGO DEL PAÍS DE LA ENTIDAD EDITORA/PRODUCTORA | |
| Código MARC del país | u |
| 050 #4 - SIGNATURA TOPOGRÁFICA DE LA BIBLIOTECA DEL CONGRESO | |
| Número de clasificación | GT4995 |
| Número de documento/Ítem | .P66 1987 |
| 100 1# - ENTRADA PRINCIPAL--NOMBRE DE PERSONA | |
| Nombre de persona | Pomar, María Teresa |
| 9 (RLIN) | 23612 |
| 245 10 - MENCIÓN DE TÍTULO | |
| Título | El día de los muertos |
| Resto del título | The life of the dead in Mexican Folk Art |
| Mención de responsabilidad, etc. | essays by María Teresa Pomar. |
| 260 ## - PUBLICACIÓN, DISTRIBUCIÓN, ETC. | |
| Lugar de publicación, distribución, etc. | Fort Worth, Texas |
| Nombre del editor, distribuidor, etc. | Fort Worth Art Museum |
| Fecha de publicación, distribución, etc. | 1987 |
| 300 ## - DESCRIPCIÓN FÍSICA | |
| Extensión | iv, 112 p. |
| Otras características físicas | il. a color |
| Dimensiones | 28 cm. |
| 500 ## - NOTA GENERAL | |
| Nota general | Una exposición organizada por el Museo de Fort Worth con la colaboración del Museo Nacional de Artes e Industrias Populares del Instituto Nacional Indigenista, Ciudad de México, e Intercultura, Fort Worth |
| 500 ## - NOTA GENERAL | |
| Nota general | Estado físico : presenta hojas desprendidas |
| 500 ## - NOTA GENERAL | |
| Nota general | Au335 |
| 546 ## - NOTA DE LENGUA/LENGUAJE | |
| Nota de lengua/lenguaje | Texto en : inglés y español |
| 650 14 - PUNTO DE ACCESO ADICIONAL DE MATERIA--TÉRMINO DE MATERIA | |
| Término de materia o nombre geográfico como elemento de entrada | Día de muertos |
| Subdivisión de forma | Exposiciones |
| 9 (RLIN) | 23613 |
| 650 14 - PUNTO DE ACCESO ADICIONAL DE MATERIA--TÉRMINO DE MATERIA | |
| Término de materia o nombre geográfico como elemento de entrada | Arte popular |
| Subdivisión de forma | Exposiciones |
| Subdivisión geográfica | México |
| 9 (RLIN) | 1706 |
| 650 14 - PUNTO DE ACCESO ADICIONAL DE MATERIA--TÉRMINO DE MATERIA | |
| Término de materia o nombre geográfico como elemento de entrada | Muerte en el arte |
| 9 (RLIN) | 23614 |
| 710 2# - PUNTO DE ACCESO ADICIONAL--NOMBRE DE ENTIDAD CORPORATIVA | |
| Nombre de entidad corporativa o nombre de jurisdicción como elemento de entrada | Fort Worth Art Museum |
| 9 (RLIN) | 23615 |
| 710 2# - PUNTO DE ACCESO ADICIONAL--NOMBRE DE ENTIDAD CORPORATIVA | |
| Nombre de entidad corporativa o nombre de jurisdicción como elemento de entrada | Museo Nacional de Artes e Industrias Populares (México) |
| 9 (RLIN) | 17004 |
| 902 ## - CATALOGADOR | |
| Iniciales | GRL |
| 942 ## - ELEMENTOS DE PUNTO DE ACCESO ADICIONAL (KOHA) | |
| Fuente del sistema de clasificación o colocación | Library of Congress Classification |
| Tipo de ítem Koha | Libros |
| Estado de retiro | Estado de pérdida | Estado dañado | No para préstamo | Localización permanente | Ubicación/localización actual | Fecha de adquisición | Número de inventario | Total de préstamos | Signatura topográfica completa | Código de barras | Fecha visto por última vez | Precio válido a partir de | Tipo de ítem Koha |
|---|---|---|---|---|---|---|---|---|---|---|---|---|---|
| El ejemplar forma parte de la colección y puede ser consultado según las políticas vigentes. | Biblioteca Centro de Estudios Ruth D. Lechuga | Biblioteca Centro de Estudios Ruth D. Lechuga | 30/07/2013 | Au335 | GT4995 .P66 1987 (Au335) | GRL00363 | 22/03/2019 | 22/03/2019 | Libros |